00321nam a2200145Ia 4500008004000000041000800040082001100048100002000059245002500079260003400104650001200138650000700150650000900157650000900166210210b1934 xxu||||| |||| 00| 0 eng d aeng a824/40 aBRANSOM (J S H) aTragedy of King Lear aOxfordbBasil Blackwellc1934 aTragedy aof aLear aKing